000 00577pam a2200217 a 4500
001 1896801
005 20180307033824.0
008 840813s1985 maua b 001 0 eng
010 _a 84018529
020 _a0205083668 :
_c$21.00
040 _aDLC
_cDLC
_dDLC
041 _aeng
080 _a332.024 jef
082 0 0 _a332.024 jef
_219
100 _a56
101 _afin
245 0 0 _a personal finance /
_cCarlene Creviston ... [et al.].
504 _aIncludes bibliographies and index.
906 _a7
_bcbc
_corignew
_d1
_eocip
_f19
_gy-gencatlg
942 _2ddc
_cBK
999 _c44253
_d44253